Teplotná a napäťová analýza nitridu kremíka pri skúške odolnosti proti opakovaným tepelným rázom

Enregistré dans:
Détails bibliographiques
Auteur principal: Hlava, Tomáš (Auteur)
Format: Livre
Langue:slovaque
Publié: Bratislava : STU v Bratislave SjF, 2005
Édition:1.vyd.
Sujets:
Tags: Ajouter un tag
Pas de tags, Soyez le premier à ajouter un tag!

MARC

LEADER 00000nam a22000003a 4500
001 stu99094
005 20150617225821.8
008 051205s2005----xo------------------slo-d
040 |a STU  |b slo 
041 0 |a slo 
044 |a xo 
080 |a 661.665 
080 |a 621.315.61.027.3  |7 stu_us_auth*stu17552 
080 |a 539.434:061.3 
100 1 |a Hlava, Tomáš  |4 aut  |u J280  |U SjF Ústav technológií a materiálov  |T SjF Katedra materiálov a technológií  |U J280  |Y 52 
245 1 |a Teplotná a napäťová analýza nitridu kremíka pri skúške odolnosti proti opakovaným tepelným rázom 
250 |a 1.vyd. 
260 |a Bratislava :  |b STU v Bratislave SjF,  |c 2005 
300 |a 113 s  |c tab. 
650 7 |a analýza nitridu  |2 stusub 
650 7 |a teplotná analýza  |2 stusub 
996 |b 284J027903  |c J*104660  |l JJST  |s P  |a 0  |w stu99094_0001